[Event "AUTO-ADV-1973"]
[Site "http://www.queenalice.com/game.php?id=859225"]
[Date "2010.11.15"]
[Round "1"]
[White "sh_sla"]
[Black "Lopesq"]
[Result "1-0"]
[WhiteElo "1878"]
[BlackElo "1739"]

1. e4 e5 2. d4 exd4 3. Qxd4 Nc6 4. Qa4 Qe7 5. Bd3 Qb4+ 6. Qxb4 Bxb4+ 7. Bd2
Bxd2+ 8. Nxd2 d6 9. O-O-O f6 10. f4 Nge7 11. Ngf3 Bg4 12. h3 Bh5 13. g4 Bf7 14.
f5 g5 15. h4 h6 16. hxg5 fxg5 17. Nxg5 Bxa2 18. b3 Bxb3 19. Nxb3 a6 20. Ne6 Kd7
21. Bc4 Kc8 22. Bd5 Nxd5 23. Rxd5 Ne5 24. Rg1 Rg8 25. g5 hxg5 26. Rxg5 Rxg5 27.
Nxg5 Ng4 28. Nh7 b6 29. f6 Nh6 30. Rh5 Nf7 31. Ng5 Ne5 32. f7 Kb7 33. Nd4 Nxf7
34. Nxf7 Rf8 35. Rh7 b5 36. Nxd6+ Kb6 37. N6f5 Re8 38. Re7 Rh8 39. e5 Rh1+ 40.
Kb2 Re1 41. e6 c5 42. Nf3 Rf1 43. N3h4 Rf4 44. Re8 Rb4+ 45. Kc1 a5 46. e7 a4 47.
Rb8+ Kc7 48. e8=Q a3 49. Qd8+ 1-0

[Event "AUTO-ADV-1973"]
[Site "http://www.queenalice.com/game.php?id=859242"]
[Date "2010.11.15"]
[Round "1"]
[White "sh_sla"]
[Black "MC"]
[Result "1-0"]
[WhiteElo "1897"]
[BlackElo "1794"]

1. e4 g5 2. d4 h6 3. Bc4 e6 4. e5 Na6 5. Bxa6 bxa6 6. f4 gxf4 7. Bxf4 Bb7 8. Nf3
Bxf3 9. Qxf3 Bb4+ 10. c3 Ba5 11. O-O c5 12. Bg5 f6 13. exf6 Qb8 14. f7+ Kf8 15.
fxg8=Q+ Kxg8 16. Qf7# 1-0

[Event "AUTO-ADV-1973"]
[Site "http://www.queenalice.com/game.php?id=859243"]
[Date "2010.11.15"]
[Round "1"]
[White "MC"]
[Black "sh_sla"]
[Result "0-1"]
[WhiteElo "1654"]
[BlackElo "1897"]

1. b4 d5 2. b5 d4 3. g3 e5 4. e4 c5 5. bxc6 Nxc6 6. Bb5 Bd7 7. Nf3 a6 8. Ba4 Qa5
9. Bxc6 Bxc6 10. Ng5 h6 11. Qf3 hxg5 12. h4 gxh4 13. gxh4 Bb4 14. Qf5 Nf6 15. c3
Bxe4 16. cxb4 Qxb4 17. Qxe5+ Kd7 18. Ba3 Qb6 19. Qe7+ Kc8 20. O-O Rxh4 21. Rc1+
Bc6 22. Qf8+ Qd8 23. Qxg7 Rg4+ 24. Qxg4+ Nxg4 25. Rxc6+ bxc6 26. d3 Qf6 27. Kg2
Qxf2+ 28. Kh3 f5 29. Nc3 Qh2# 0-1

[Event "AUTO-ADV-1973"]
[Site "http://www.queenalice.com/game.php?id=859244"]
[Date "2010.11.15"]
[Round "1"]
[White "sh_sla"]
[Black "michas"]
[Result "0-1"]
[WhiteElo "1907"]
[BlackElo "1761"]

1. d4 g6 2. e4 Bg7 3. Bc4 Nf6 4. Qf3 O-O 5. e5 Ne8 6. Bg5 h6 7. Bh4 Nc6 8. c3
Na5 9. Bd5 c6 10. Be4 b5 11. Ne2 Nc4 12. O-O Nxb2 13. Nf4 g5 14. Nh5 d6 15. Bg3
dxe5 16. Nxg7 Kxg7 17. Bxe5+ f6 18. Qh5 Rf7 19. Qg6+ Kf8 20. Qxh6+ Rg7 21. Bg3
Bd7 22. f4 g4 23. Bg6 Nd6 24. f5 Nf7 25. Qh4 Nc4 26. Qxg4 Ne3 27. Qh4 Nxf1 28.
Kxf1 Qc8 29. Qh5 Be8 30. Nd2 Qa6 31. Bf4 b4+ 32. c4 Qa3 33. Bxf7 Bxf7 34. Qh8+
Rg8 35. Qh7 Qd3+ 36. Ke1 Qxd4 37. g3 Qxa1+ 38. Ke2 Rd8 39. Qh6+ Ke8 40. Bc7 Rd7
41. Qf4 Bh5+ 42. Kf2 Qxa2 43. Ke1 Qa1+ 44. Kf2 Qd1 45. Nf3 Qc2+ 46. Kf1 Rd1+ 47.
Ne1 Rxe1+ 48. Kxe1 Qe2# 0-1

[Event "AUTO-ADV-1973"]
[Site "http://www.queenalice.com/game.php?id=859245"]
[Date "2010.11.15"]
[Round "1"]
[White "michas"]
[Black "sh_sla"]
[Result "1-0"]
[WhiteElo "1783"]
[BlackElo "1885"]

1. h4 d5 2. h5 d4 3. h6 g6 4. d3 e5 5. Nf3 Nc6 6. Bg5 Be7 7. Bc1 Bf5 8. e4 Bg4
9. Be2 Bxf3 10. Bxf3 Bg5 11. Bxg5 Qxg5 12. Qd2 Qe7 13. Bg4 Nf6 14. Be2 Qd6 15.
Qg5 O-O-O 16. Na3 Qb4+ 17. Kd1 Qxb2 18. Qc1 Qc3 19. Nb5 Qa5 20. a4 a6 21. Na3
Nd7 22. Nc4 Qc5 23. Bg4 Na5 24. Nd2 Kb8 25. Qb2 Qd6 26. Rb1 c5 27. Nc4 Qc7 28.
Nxa5 b6 29. Bxd7 Rxd7 30. Qxb6+ Qxb6 31. Rxb6+ Ka7 32. Rc6 Rb8 33. Nb3 Rb4 34.
a5 Rdb7 35. Rxc5 Ra4 36. Rxe5 Rxb3 37. cxb3 Ra1+ 38. Kc2 Rxh1 39. Re7+ Ka8 40.
Rxf7 Rxh6 41. b4 Rh2 42. g3 Rh5 43. Re7 Rb5 44. Kb3 h5 45. e5 Kb8 46. e6 Re5 47.
Kc4 Kc8 48. Kxd4 Re2 49. f3 Kd8 50. Rd7+ Ke8 51. Rd6 Ke7 52. Rxa6 Rxe6 53. Rxe6+
Kxe6 54. a6 1-0

[Event "AUTO-MASTER-1272"]
[Site "http://www.queenalice.com/game.php?id=859633"]
[Date "2010.11.16"]
[Round "1"]
[White "Giant"]
[Black "sh_sla"]
[Result "1-0"]
[WhiteElo "2294"]
[BlackElo "1927"]

1. e4 d5 2. exd5 Qxd5 3. Nf3 Bg4 4. Be2 e5 5. d3 e4 6. dxe4 Qxe4 7. O-O Nd7 8.
h3 Bh5 9. Nc3 Qc6 10. Nd4 Bxe2 11. Qxe2+ 1-0

[Event "AUTO-MASTER-1272"]
[Site "http://www.queenalice.com/game.php?id=859634"]
[Date "2010.11.16"]
[Round "1"]
[White "sh_sla"]
[Black "Giant"]
[Result "0-1"]
[WhiteElo "1909"]
[BlackElo "2328"]

1. e4 e5 2. d4 exd4 3. Qxd4 Nc6 4. Qa4 Nf6 5. Bg5 Be7 6. f4 O-O 7. Bxf6 Bxf6 8.
e5 Bh4+ 9. g3 Be7 10. Nf3 d6 11. Bb5 Bh3 12. Bxc6 bxc6 13. Qxc6 Rb8 14. b3 dxe5
15. Nbd2 exf4 16. O-O-O Ba3+ 17. Kb1 Bd7 18. Qa6 Bd6 19. gxf4 Bb5 20. Qxa7 Bxf4
21. Ne4 Qe7 22. Rhe1 Ra8 23. Qb7 Rfb8 24. Qd5 c6 25. Qf5 Qa7 26. Qxf4 Qxa2+ 27.
Kc1 f5 28. Nd6 Rd8 29. Qd4 Qa3+ 30. Qb2 Rxd6 31. Re8+ Kf7 32. Rxd6 Qxb2+ 33.
Kxb2 Rxe8 34. Nd4 Re5 35. Nxc6 Bxc6 36. Rxc6 f4 37. Rc3 g5 38. Rf3 Re4 39. h3 h5
40. Kc3 g4 41. hxg4 hxg4 42. Rf1 Kf6 43. b4 g3 44. b5 g2 45. Rg1 f3 46. Kd3 Kf5
47. b6 Kf4 48. c4 f2 49. b7 f1=Q+ 50. Kc3 Qxc4+ 51. Kd2 Re2+ 52. Kd1 Qc2# 0-1

[Event "AUTO-MASTER-1272"]
[Site "http://www.queenalice.com/game.php?id=859648"]
[Date "2010.11.16"]
[Round "1"]
[White "sh_sla"]
[Black "Savage24"]
[Result "0-1"]
[WhiteElo "1897"]
[BlackElo "2101"]

1. e4 e6 2. d4 d5 3. e5 c5 4. c3 Nc6 5. Bb5 Qa5 6. Bxc6+ bxc6 7. Bd2 Qb6 8. b3
cxd4 9. Nf3 c5 10. O-O Ne7 11. cxd4 cxd4 12. Bg5 Nc6 13. Nbd2 Ba6 14. Re1 h6 15.
Bh4 Bb4 16. a3 Bc3 17. Rc1 O-O 18. b4 Rfc8 19. Qc2 Bb5 20. Red1 a5 21. Nb1 axb4
22. Nxc3 bxc3 23. Rb1 Qc5 24. Rxb5 Qxb5 25. Nxd4 Nxd4 26. Rxd4 Qb2 0-1

[Event "AUTO-MASTER-1272"]
[Site "http://www.queenalice.com/game.php?id=859657"]
[Date "2010.11.16"]
[Round "1"]
[White "sh_sla"]
[Black "leduar"]
[Result "0-1"]
[WhiteElo "1911"]
[BlackElo "1955"]

1. e4 e5 2. Bc4 Nc6 3. d3 Nf6 4. f4 d5 5. exd5 Nxd5 6. fxe5 Be6 7. Bb5 Qh4+ 8.
g3 Qb4+ 9. c3 Qxb5 10. c4 Bb4+ 11. Bd2 Bxd2+ 12. Nxd2 Qxb2 13. cxd5 Bxd5 14.
Ngf3 Nd4 15. Qa4+ c6 16. Qxd4 Qxd4 17. Nxd4 Bxh1 18. Nf5 O-O 19. Kf2 Bd5 20. Re1
g6 21. Ne7+ Kg7 22. d4 Bxa2 23. Ra1 Be6 24. Rb1 Rab8 25. d5 cxd5 26. Rb5 a6 27.
Rc5 Rfe8 28. Rc7 Kf8 29. Nxd5 Bxd5 30. Rc5 Rxe5 31. Nf3 Bxf3 32. Rxe5 Bc6 33.
Ke3 Re8 0-1

[Event "Challenge"]
[Site "http://www.queenalice.com/game.php?id=865151"]
[Date "2010.11.28"]
[Round "-"]
[White "sh_sla"]
[Black "beejay"]
[Result "1-0"]
[WhiteElo "1865"]
[BlackElo "1780"]

1. e4 e5 2. d4 c6 3. dxe5 Qa5+ 4. Bd2 Qxe5 5. Nc3 Bc5 6. Qf3 Nf6 7. a3 d5 8. Bd3
Bg4 9. Qf4 Qe6 10. f3 g5 11. Qc7 O-O 12. fxg4 Qxg4 13. Qg3 Qxg3+ 14. hxg3 Ng4
15. exd5 Bf2+ 16. Kd1 Be3 17. dxc6 Nf2+ 18. Ke2 Nxc6 19. Rh5 Bxd2 20. Kxd2 Nxd3
21. Rxg5+ Kh8 22. cxd3 Nd4 23. Rf1 Rae8 24. Nf3 Ne6 25. Rg4 Rd8 26. Ne5 f6 27.
Nc4 Nc5 28. d4 f5 29. Rgf4 Nb3+ 30. Kc2 Nxd4+ 31. Kb1 Nb3 32. Rxf5 b5 33. Rxf8+
Rxf8 34. Rxf8+ Kg7 35. Ra8 a5 36. Nxb5 Kf6 37. Nxa5 1-0

[Event "AUTO-ADV-2015"]
[Site "http://www.queenalice.com/game.php?id=876336"]
[Date "2010.12.25"]
[Round "1"]
[White "sh_sla"]
[Black "Rubens2009"]
[Result "1-0"]
[WhiteElo "1903"]
[BlackElo "1705"]

1. d4 d5 2. Bf4 Nc6 3. e3 Bd7 4. c4 e6 5. cxd5 exd5 6. Qb3 Nge7 7. Qxb7 Rc8 8.
Nc3 Ng6 9. Bb5 Bd6 10. Bxc6 Bxf4 11. Bxd7+ Qxd7 12. exf4 Nxf4 13. g3 Ne6 14.
O-O-O O-O 15. Qxa7 Qc6 16. Qa5 Rfd8 17. a3 Ra8 18. Qb5 Qd6 19. f4 Rdb8 20. Qxd5
Qb6 21. Rd2 Rxa3 22. bxa3 c5 23. dxc5 Nxc5 24. Nf3 Nb3+ 25. Kc2 Nxd2 26. Qxd2
Qb2+ 27. Kd1 Qa1+ 28. Qc1 Rd8+ 29. Nd2 Qxc1+ 30. Kxc1 1-0

[Event "AUTO-ADV-2015"]
[Site "http://www.queenalice.com/game.php?id=876337"]
[Date "2010.12.25"]
[Round "1"]
[White "Rubens2009"]
[Black "sh_sla"]
[Result "1/2-1/2"]
[WhiteElo "1777"]
[BlackElo "1948"]

1. e4 e5 2. Nf3 d6 3. Bc4 Bg4 4. d4 exd4 5. h3 Bh5 6. Bf4 h6 7. Qxd4 Bxf3 8.
gxf3 Nf6 9. e5 Nfd7 10. e6 fxe6 11. Bxe6 Nc6 12. Qe4 Nde5 13. Nc3 Qf6 14. Bd5
O-O-O 15. Bxe5 dxe5 16. O-O-O Rd6 17. Nb5 Rxd5 18. Rxd5 a6 19. Nc3 g5 20. Rhd1
Bd6 21. Qg4+ Kb8 22. Ne4 Qf8 23. Nxd6 cxd6 24. Rxd6 Qf7 25. b3 Nd4 26. Kb2 Qc7
27. R6xd4 exd4 28. Qxd4 Rc8 29. Rd2 Ka8 30. h4 gxh4 31. c4 h3 32. Rd1 h2 33. Qh4
Rg8 34. f4 Rg1 35. Rd8+ Qxd8 36. Qxd8+ Ka7 37. Qd4+ Ka8 38. Qd8+ Ka7 39. Qd4+
1/2-1/2

[Event "AUTO-ADV-2015"]
[Site "http://www.queenalice.com/game.php?id=876338"]
[Date "2010.12.25"]
[Round "1"]
[White "sh_sla"]
[Black "sevenup"]
[Result "0-1"]
[WhiteElo "1948"]
[BlackElo "2036"]

1. d4 e6 2. e4 d5 3. e5 c5 4. c3 Nc6 5. Bb5 Qb6 6. a4 Bd7 7. f4 cxd4 8. Bxc6
bxc6 9. cxd4 c5 10. Nf3 cxd4 11. Nxd4 Bc5 12. Be3 Qxb2 13. Nxe6 fxe6 14. Bxc5
Qxa1 15. O-O Ne7 16. Qh5+ Ng6 17. Bd6 Qd4+ 18. Kh1 Bxa4 19. h3 Bc2 20. Na3 Be4
21. Nb5 Qd3 22. Nc7+ Kd7 23. Rd1 Qc2 24. Qg4 Nxf4 25. Rg1 Bxg2+ 26. Rxg2 Qxg2+
27. Qxg2 Nxg2 28. Kxg2 Rac8 29. Nb5 a5 30. Kf3 Rc4 31. Na3 Rc3+ 32. Kg4 h5+ 33.
Kh4 g5+ 34. Kxg5 Rxh3 35. Kg6 Rg3+ 36. Kf6 h4 37. Nc2 h3 0-1

[Event "AUTO-ADV-2015"]
[Site "http://www.queenalice.com/game.php?id=876340"]
[Date "2010.12.25"]
[Round "1"]
[White "sh_sla"]
[Black "vcc1982"]
[Result "0-1"]
[WhiteElo "1911"]
[BlackElo "1967"]

1. e4 c5 2. Bc4 Nc6 3. d3 e6 4. Nc3 Nf6 5. Bg5 h6 6. Bh4 Be7 7. f4 Nxe4 8. dxe4
Bxh4+ 9. g3 Be7 10. Qg4 O-O 11. O-O-O d5 12. f5 exf5 13. exf5 d4 14. Nd5 Ne5 15.
Qe2 Bd6 16. g4 Nxc4 17. Qxc4 Qg5+ 18. Kb1 Qxg4 19. Ne2 Qxf5 20. Ndf4 Bxf4 21.
Rdf1 g5 22. h4 Be6 23. Qb5 Qd5 24. b3 a6 25. Qd3 Bf5 26. Qd1 d3 27. cxd3 Bxd3+
28. Kb2 Qe5+ 29. Nc3 Bxf1 30. Qxf1 Rad8 31. hxg5 Rd2+ 32. Ka3 Qxc3 33. Qxf4 Qb2+
34. Ka4 Qxa2# 0-1

[Event "AUTO-ADV-2015"]
[Site "http://www.queenalice.com/game.php?id=876341"]
[Date "2010.12.25"]
[Round "1"]
[White "vcc1982"]
[Black "sh_sla"]
[Result "1-0"]
[WhiteElo "1986"]
[BlackElo "1963"]

1. e4 e5 2. Nf3 d6 3. d4 exd4 4. Nxd4 c5 5. Bb5+ Bd7 6. Bxd7+ Qxd7 7. Nf3 Qg4 8.
O-O Nf6 9. Nc3 Be7 10. Nb5 Qd7 11. e5 Qxb5 12. exf6 Bxf6 13. Qxd6 Nc6 14. Re1+
Be7 15. Qg3 O-O 16. b3 Bf6 17. a4 Qb6 18. Bh6 Nb4 19. Rac1 Bc3 20. Bd2 Bxd2 21.
Nxd2 Rad8 22. Nc4 Qf6 23. Qc7 Qc6 24. Re7 Qh6 25. Rf1 Nd5 26. Qxb7 Nxe7 27. Qxe7
Qg6 28. Ne3 Qb6 29. Nc4 Rfe8 30. Qxe8+ Rxe8 31. Nxb6 axb6 32. Rc1 f5 33. Kf1 Kf7
34. Re1 Rd8 35. Ke2 Kf6 36. Rd1 Rxd1 37. Kxd1 Ke5 38. Kd2 g5 39. Kd3 h5 40. Kc4
f4 41. Kb5 Kd4 42. Kxb6 c4 43. bxc4 Kxc4 44. a5 Kc3 45. a6 Kxc2 46. a7 Kd2 47.
a8=Q Ke2 48. Qf3+ Kf1 49. Qxh5 Kxf2 50. Qxg5 Ke3 51. h4 Ke4 52. h5 f3 53. Qg4+
1-0

[Event "Challenge"]
[Site "http://www.queenalice.com/game.php?id=884719"]
[Date "2011.1.12"]
[Round "-"]
[White "sh_sla"]
[Black "stoyan1"]
[Result "1-0"]
[WhiteElo "1941"]
[BlackElo "1845"]

1. e4 e5 2. Bc4 Qf6 3. d3 h6 4. f4 Bc5 5. Qf3 d6 6. a3 h5 7. f5 Nc6 8. h4 g6 9.
Bg5 Qg7 10. fxg6 Qxg6 11. c3 Be6 12. Bxe6 Qxe6 13. Nd2 f6 14. Be3 Bxe3 15. Qxe3
O-O-O 16. Ngf3 b6 17. a4 d5 18. b4 d4 19. cxd4 Nxd4 20. Nxd4 Rxd4 21. Nc4 Qg4
22. b5 Qxg2 23. Rg1 Qh2 24. Rc1 Qxh4+ 25. Kd2 Qh2+ 26. Kc3 Ne7 27. Rc2 Qf4 28.
Qh3+ Kb7 29. Qe6 Rh7 30. Kb3 Rxd3+ 31. Kb2 Qxe4 32. Rgc1 Qf3 33. Nxe5 Qd5 34.
Rxc7+ Kb8 35. Rc8+ 1-0

[Event "Challenge"]
[Site "http://www.queenalice.com/game.php?id=884720"]
[Date "2011.1.12"]
[Round "-"]
[White "stoyan1"]
[Black "sh_sla"]
[Result "1-0"]
[WhiteElo "1819"]
[BlackElo "1970"]

1. e4 e5 2. Nf3 d5 3. exd5 Qxd5 4. Nc3 Qc5 5. d3 Bg4 6. h3 Bh5 7. Be2 Bxf3 8.
Bxf3 Nc6 9. Be3 Qe7 10. O-O f5 11. Bxc6+ bxc6 12. Na4 Qb4 13. b3 f4 14. Qh5+ Kd7
15. Qf5+ Kd8 16. c3 Qe7 17. Bc5 Qf6 18. Qxf6+ Nxf6 19. d4 e4 20. g3 Bxc5 21.
Nxc5 fxg3 22. fxg3 e3 23. Ne6+ Kc8 24. Nxg7 Ne4 25. Rf3 Nxc3 26. Rxe3 Nd5 27.
Re6 Kb7 28. Rc1 Rhg8 29. Nf5 Rg6 30. Rcxc6 Rag8 31. Rxg6 hxg6 32. Nh6 Rh8 33.
Rxg6 Nc3 34. g4 Ne2+ 35. Kf2 Nxd4 36. g5 Nc6 37. Kg3 Ne7 38. Re6 Nc8 39. Nf5 Rd8
40. g6 Rd5 41. Kf4 Rd8 42. g7 Rg8 43. Rf6 Ne7 44. Rf8 Rxg7 45. Nxe7 Rxe7 46. Rh8
Kc6 47. Kg5 Kd7 48. h4 Ke6 49. h5 Rg7+ 50. Kh6 Rg2 51. Rh7 Kd6 52. Rg7 Rxa2 53.
Rg6+ Kc5 54. Kg7 Rh2 55. h6 c6 56. h7 Rxh7+ 57. Kxh7 a5 58. Kg7 Kb5 59. Rg4 Kb6
60. Kf6 c5 61. Ke5 Kc6 62. Ke6 Kb5 63. Kd5 Kb6 64. Rc4 Kb5 65. Rxc5+ Kb4 66. Kd4
Kxb3 67. Rxa5 Kb4 68. Rc5 Kb3 69. Rc8 Kb2 70. Kd3 Kb3 71. Rb8+ Ka4 72. Kc3 Ka5
73. Kc4 Ka6 74. Rb2 Ka5 75. Rb1 Ka6 76. Kc5 1-0

[Event "QA-ANNIV-05"]
[Site "http://www.queenalice.com/game.php?id=885881"]
[Date "2011.1.13"]
[Round "7"]
[White "sh_sla"]
[Black "catfishcore"]
[Result "1-0"]
[WhiteElo "1953"]
[BlackElo "1725"]

1. e4 e6 2. d4 d5 3. e5 a6 4. Nc3 Nc6 5. f4 Bd7 6. Nf3 h6 7. Be2 g5 8. fxg5 Be7
9. gxh6 Nxh6 10. Bxh6 Rxh6 11. O-O Bg5 12. a3 Be3+ 13. Kh1 Ne7 14. Bd3 Nf5 15.
Bxf5 exf5 16. Nxd5 f4 17. Qd3 Be6 18. Nf6+ Ke7 19. Ng5 Qh8 20. h3 Bxh3 21. Ng8+
Qxg8 22. Nxh3 Rd8 23. c3 Qh8 24. Qf5 Rg8 25. Rf3 Rhg6 26. d5 Rxg2 27. d6+ cxd6
28. exd6+ Kxd6 29. Rd1+ Rd2 30. Rxd2+ Bxd2 31. Rd3+ Kc6 32. Rxd2 Kb6 33. Rh2 Rd8
34. Qxf4 Qh7 35. Ng1 Qg7 36. Qe3+ Kc7 37. b4 Kb8 38. a4 Ka8 39. b5 axb5 40. axb5
Rd6 41. b6 Re6 42. Qc5 Rc6 43. Qg5 Qxc3 44. Qd8+ Rc8 45. Ra2+ Kb8 46. Qd6+ 1-0

[Event "OS INCLIVEIS"]
[Site "http://www.queenalice.com/game.php?id=896492"]
[Date "2011.2.5"]
[Round "-"]
[White "adelio"]
[Black "sh_sla"]
[Result "0-1"]
[WhiteElo "1601"]
[BlackElo "1960"]

1. h3 e5 2. d3 d5 3. a3 d4 4. b3 c5 5. g3 Bd7 6. Bg2 Bc6 7. f3 Bd6 8. e4 dxe3 9.
Ne2 Qf6 10. O-O e4 11. Bxe3 Qxa1 12. c3 exf3 13. Bxf3 Nf6 14. Bxc6+ Nxc6 15. Nf4
O-O 16. Nh5 Nxh5 17. Qxh5 Bxg3 18. Qg4 Be5 19. Bh6 Kh8 20. Bd2 f6 21. Kh1 Qb2
22. Rg1 Rg8 23. Qd1 Rad8 24. d4 cxd4 25. Rg2 dxc3 26. Qg1 c2 27. Bc3 Bxc3 28.
Nxc3 Qxc3 29. Qh2 c1=Q+ 30. Rg1 Rd1 31. Qg2 Rxg1+ 32. Qxg1 Qxh3# 0-1

[Event "Challenge"]
[Site "http://www.queenalice.com/game.php?id=899021"]
[Date "2011.2.11"]
[Round "-"]
[White "cass"]
[Black "sh_sla"]
[Result "0-1"]
[WhiteElo "1716"]
[BlackElo "1962"]

1. e4 e5 2. Nf3 d6 3. Nc3 Bg4 4. Be2 f5 5. O-O f4 6. b4 Nf6 7. Ng5 h6 8. Bxg4
hxg5 9. d3 Nc6 10. a3 Nd4 11. a4 Nxg4 12. Qxg4 Nxc2 13. Qe6+ Qe7 14. Qa2 Nxa1
15. Qxa1 g4 16. Nd5 Qh4 17. h3 gxh3 18. gxh3 Qxh3 19. Nxc7+ Kd7 0-1

[Event "OS INCLIVEIS"]
[Site "http://www.queenalice.com/game.php?id=899639"]
[Date "2011.2.12"]
[Round "-"]
[White "adelio"]
[Black "sh_sla"]
[Result "0-1"]
[WhiteElo "1603"]
[BlackElo "1968"]

1. g3 e5 2. b3 d5 3. e3 e4 4. Bb2 Nf6 5. h3 Bc5 6. c3 O-O 7. d4 exd3 8. Bxd3 Nc6
9. Nd2 Re8 10. b4 Bb6 11. c4 Nxb4 12. Bb1 d4 13. Nf1 Ba5 14. Nd2 dxe3 15. Be4
exd2+ 16. Kf1 Nxe4 17. Nf3 Qd3+ 18. Kg2 Nxf2 19. Qxd2 Re2 20. Qxd3 Nfxd3+ 21.
Kg1 Rxb2 22. Rd1 h6 23. g4 Be6 24. Ne1 Bxc4 25. h4 Nf4 26. Rh2 Ne2+ 27. Kh1 Ng3+
28. Kg1 Bb6+ 29. Rf2 Rxf2 30. Ng2 Re8 31. h5 Ree2 32. Rd8+ Kh7 33. Ne3 Rf1# 0-1